[Event "Jay Khedkar mem."]
[Site "Winnipeg CAN"]
[Date "2022.11.01"]
[Round "1.5"]
[White "Bonness, Will"]
[Black "Remillard, John"]
[Result "1-0"]
[WhiteElo "1837"]
[BlackElo "1537"]
[PlyCount "69"]
[EventDate "2022.11.01"]
[EventType "swiss"]
[EventRounds "5"]
[EventCountry "CAN"]

1. e4 e5 2. Nf3 d6 3. d4 exd4 4. Nxd4 Bd7 5. Be3 Nc6 6. Nc3 Nf6 7. Be2 Be7 8.
Qd2 O-O 9. f3 Ne5 10. O-O-O a6 11. g4 c5 12. Nf5 Bxf5 13. gxf5 b5 14. Rhg1 Kh8
15. Nd5 Nxd5 16. Qxd5 Nd7 17. Bf4 Nb6 18. Qd2 Nc4 19. Bxc4 bxc4 20. Bxd6 Bxd6
21. Qxd6 Qa5 22. Kb1 Rad8 23. Qe5 Rxd1+ 24. Rxd1 Rd8 25. Rg1 f6 26. Qe7 Rg8 27.
e5 Qd8 28. Qxc5 fxe5 29. Qxe5 Qf6 30. Qxf6 gxf6 31. Rxg8+ Kxg8 32. Kc1 Kf7 33.
Kd2 Ke7 34. Kc3 Kd6 35. Kd4 1-0

[Event "Jay Khedkar mem."]
[Site "Winnipeg CAN"]
[Date "2022.11.01"]
[Round "1.6"]
[White "March, John"]
[Black "Einarsson, Ken"]
[Result "1/2-1/2"]
[WhiteElo "1310"]
[BlackElo "1809"]
[Annotator "aboro"]
[PlyCount "101"]
[EventDate "2022.11.01"]
[EventType "swiss"]
[EventRounds "5"]
[EventCountry "CAN"]

1. c4 c6 2. g3 d5 3. cxd5 cxd5 4. e3 e5 5. d4 e4 6. Ne2 Bg4 7. Nbc3 Bf3 8. Rg1
Nf6 9. Bg2 Bxg2 10. Rxg2 Nc6 11. a3 Qd7 12. b4 Bd6 13. Nf4 Bxf4 14. gxf4 O-O
15. Bb2 Qh3 16. Kf1 Ne7 17. Kg1 Nf5 18. Rc1 Rfd8 19. Nb5 a6 20. Nc7 Rab8 21.
Rc5 b6 22. Rc2 a5 23. Na6 Nh5 24. Qg4 Qxg4 25. Rxg4 Rbc8 26. Rc7 Rxc7 27. Nxc7
Nf6 28. Rg5 g6 29. Nb5 h6 30. Rg2 Rc8 31. Bc3 axb4 32. axb4 Nd6 33. Nxd6 Rxc3
34. Kf1 Rc6 35. Nf5 Kh7 36. Ne7 Rc4 37. f5 g5 38. b5 Rb4 39. Nc8 Rxb5 40. Nd6
Rb1+ 41. Ke2 Kg7 42. h4 g4 43. Kd2 Rh1 44. Nc8 Rxh4 45. Nxb6 Rh5 46. Nxd5 Nxd5
47. Rxg4+ Kf6 48. Rxe4 Rxf5 49. Ke1 h5 50. Re8 Ne7 51. Kf1 {Black had to leave.
} 1/2-1/2

[Event "Jay Khedkar mem."]
[Site "Winnipeg CAN"]
[Date "2022.11.01"]
[Round "1.7"]
[White "Letain, Cory"]
[Black "Odeyemi, Emmanuel"]
[Result "0-1"]
[WhiteElo "1799"]
[BlackElo "1298"]
[PlyCount "80"]
[EventDate "2022.11.01"]
[EventType "swiss"]
[EventRounds "5"]
[EventCountry "CAN"]

1. e4 e5 2. Nf3 Nc6 3. d4 exd4 4. c3 Nf6 5. e5 Nd5 6. cxd4 Bb4+ 7. Bd2 Be7 8.
Bc4 Nb6 9. Bb3 O-O 10. a3 d5 11. O-O Bg4 12. Bc3 a5 13. Nbd2 Bg5 14. Qe1 Be7
15. h3 Be6 16. Rc1 a4 17. Bc2 Na7 18. Qe2 Qd7 19. Qd3 g6 20. h4 Bf5 21. Qe3 Nb5
22. Qh6 Nxc3 23. bxc3 Rac8 24. Ng5 Bxg5 25. Qxg5 Bxc2 26. Rxc2 Qd8 27. Qxd8
Rfxd8 28. f4 c5 29. Rb2 Nc4 30. Nxc4 dxc4 31. Rd1 cxd4 32. Rxd4 Rxd4 33. cxd4
c3 34. Rc2 Rc4 35. g3 b5 36. Kf2 b4 37. axb4 a3 38. Ke3 a2 39. Rc1 Rxb4 40. Ra1
c2 0-1

[Event "Jay Khedkar mem."]
[Site "Winnipeg CAN"]
[Date "2022.11.01"]
[Round "1.8"]
[White "Zhou, Joe (Zixuan)"]
[Black "Minano, John"]
[Result "0-1"]
[WhiteElo "1267"]
[BlackElo "1794"]
[PlyCount "64"]
[EventDate "2022.11.01"]
[EventType "swiss"]
[EventRounds "5"]
[EventCountry "CAN"]

1. c4 Nf6 2. Nc3 g6 3. d3 Bg7 4. g3 O-O 5. Bg2 d6 6. Bd2 c6 7. Nf3 Bg4 8. h3
Bxf3 9. Bxf3 Nbd7 10. O-O e5 11. Qc2 Nc5 12. b4 Ne6 13. Rac1 Nd4 14. Qb2 Nxf3+
15. exf3 Qd7 16. Kg2 Nh5 17. Qb3 Kh8 18. Ne2 f5 19. f4 Rae8 20. fxe5 dxe5 21.
Rcd1 Qc7 22. a3 Rd8 23. Bc3 f4 24. gxf4 exf4 25. Bxg7+ Kxg7 26. f3 Rfe8 27.
Qc3+ Kg8 28. Rfe1 Qe7 29. Kh2 Qg5 30. c5 Rxe2+ 31. Rxe2 Qg3+ 32. Kh1 Qxf3+ 0-1

[Event "Jay Khedkar mem."]
[Site "Winnipeg CAN"]
[Date "2022.11.01"]
[Round "1.9"]
[White "MacPherson, Al"]
[Black "Zhang, Bryan"]
[Result "1-0"]
[WhiteElo "1749"]
[BlackElo "1231"]
[PlyCount "49"]
[EventDate "2022.11.01"]
[EventType "swiss"]
[EventRounds "5"]
[EventCountry "CAN"]

1. b3 e5 2. Bb2 Nc6 3. e3 d5 4. Bb5 e4 5. Ne2 Bd6 6. Bxg7 Bd7 7. Bxh8 Qg5 8.
Ng3 f6 9. Qh5+ Qxh5 10. Nxh5 O-O-O 11. Bxf6 Nxf6 12. Nxf6 Be5 13. Nxd7 Bxa1 14.
Bxc6 bxc6 15. Nc5 Be5 16. O-O Rg8 17. Nc3 Bd6 18. Ne6 Kd7 19. Nf4 d4 20. Nxe4
dxe3 21. dxe3 Be5 22. Rd1+ Ke7 23. Nc5 h6 24. Rd7+ Kf6 25. Nfd3 1-0

[Event "Jay Khedkar mem."]
[Site "Winnipeg CAN"]
[Date "2022.11.01"]
[Round "1.10"]
[White "Mandusic, Ante"]
[Black "Charter, Bennet"]
[Result "0-1"]
[WhiteElo "1222"]
[BlackElo "1727"]
[PlyCount "52"]
[EventDate "2022.11.01"]
[EventType "swiss"]
[EventRounds "5"]
[EventCountry "CAN"]

1. e4 c5 2. d3 Nc6 3. Nf3 g6 4. Nbd2 Bg7 5. c3 d5 6. g3 Nf6 7. Bg2 O-O 8. O-O
Qc7 9. b3 dxe4 10. dxe4 Rd8 11. Bb2 Nxe4 12. Qe2 Nxc3 13. Bxc3 Bxc3 14. Rac1
Nd4 15. Qe3 Bxd2 16. Nxd2 Rb8 17. Ne4 b6 18. Nc3 Ba6 19. Rfe1 Nf5 20. Qe4 Bb7
21. Qe2 Nd4 22. Qb2 Bxg2 23. Kxg2 Qc6+ 24. Kg1 Nf3+ 25. Kf1 Nxh2+ 26. Ke2 Qf3#
0-1

[Event "Jay Khedkar mem."]
[Site "Winnipeg CAN"]
[Date "2022.11.08"]
[Round "2.1"]
[White "Charter, Bennet"]
[Black "Jodar, Marlon"]
[Result "0-1"]
[WhiteElo "1727"]
[BlackElo "2310"]
[PlyCount "66"]
[EventDate "2022.11.01"]
[EventType "swiss"]
[EventRounds "5"]
[EventCountry "CAN"]

1. e4 e5 2. Nf3 Nc6 3. Bb5 a6 4. Ba4 Nf6 5. O-O Be7 6. Re1 b5 7. Bb3 d6 8. h3
Na5 9. c3 Nxb3 10. Qxb3 Bb7 11. d3 O-O 12. a4 Bc6 13. a5 h6 14. Nbd2 Re8 15.
Nf1 Bf8 16. Ng3 d5 17. d4 dxe4 18. Nxe5 Bd5 19. Qd1 c5 20. Be3 Bd6 21. Ng4 Bxg3
22. Nxf6+ Qxf6 23. dxc5 Bxf2+ 24. Bxf2 Qc6 25. Bd4 Re6 26. Be3 Rf8 27. Qh5 Bc4
28. Rad1 f5 29. b4 f4 30. Bd4 Rg6 31. Qe5 e3 32. g4 Qf3 33. Bxe3 Qg3+ 0-1

[Event "Jay Khedkar mem."]
[Site "Winnipeg CAN"]
[Date "2022.11.08"]
[Round "2.2"]
[White "Odugbesan, Michael (Adedapo)"]
[Black "MacPherson, Al"]
[Result "1-0"]
[WhiteElo "2228"]
[BlackElo "1749"]
[PlyCount "63"]
[EventDate "2022.11.01"]
[EventType "swiss"]
[EventRounds "5"]
[EventCountry "CAN"]

1. Nf3 d5 2. d4 Nf6 3. Bf4 c5 4. c3 e6 5. e3 Nc6 6. Nbd2 Bd6 7. Bg3 O-O 8. Bd3
Re8 9. Ne5 cxd4 10. exd4 Ne7 11. f4 Nf5 12. Bf2 Be7 13. Qe2 Nd6 14. O-O a6 15.
Bh4 Nf5 16. Be1 Bd7 17. Rf3 Bb5 18. Bxb5 axb5 19. Qxb5 Nd6 20. Qe2 Nfe4 21. Rh3
f6 22. Nxe4 Nxe4 23. Qh5 fxe5 24. Qxh7+ Kf7 25. Qh5+ Kg8 26. fxe5 Bg5 27. Qh7+
Kf7 28. Rf3+ Nf6 29. Qh5+ Kg8 30. Qxg5 Ne4 31. Qg6 Qg5 32. Qf7+ 1-0

[Event "Jay Khedkar mem."]
[Site "Winnipeg CAN"]
[Date "2022.11.08"]
[Round "2.3"]
[White "Klokow, John"]
[Black "Baron, Gustav"]
[Result "0-1"]
[WhiteElo "1661"]
[BlackElo "2058"]
[PlyCount "88"]
[EventDate "2022.11.01"]
[EventType "swiss"]
[EventRounds "5"]
[EventCountry "CAN"]

1. e4 c5 2. Nf3 d6 3. d4 cxd4 4. Nxd4 Nf6 5. Nc3 g6 6. Bc4 Bg7 7. f3 O-O 8. Be3
Nc6 9. Qd2 Nd7 10. O-O-O Nde5 11. Bb3 Bd7 12. Nxc6 bxc6 13. Bh6 Re8 14. h4 Bf6
15. h5 a5 16. hxg6 hxg6 17. a4 Be6 18. Bxe6 fxe6 19. Qe2 Qb6 20. Be3 Qb4 21.
Rd4 Qb7 22. f4 Nf7 23. Qg4 Kg7 24. Qxe6 Reb8 25. Rh7+ Kxh7 26. Qxf7+ Bg7 27. b3
e5 28. Qxb7 Rxb7 29. Rxd6 exf4 30. Bd4 Bxd4 31. Rxd4 Kg7 32. Rd6 Rc7 33. Kd2
Rh8 34. Ke2 Rh1 35. Nd1 g5 36. Kf3 Rf1+ 37. Kg4 Kf8 38. Kxg5 Rg7+ 39. Kf6 Rf7+
40. Kg6 Ke7 41. Rd2 Rg1 42. Nc3 f3 43. Rf2 Rxg2+ 44. Rxg2 fxg2 0-1

[Event "Jay Khedkar mem."]
[Site "Winnipeg CAN"]
[Date "2022.11.08"]
[Round "2.4"]
[White "Odeyemi, Emmanuel"]
[Black "Bonness, Will"]
[Result "0-1"]
[WhiteElo "1298"]
[BlackElo "1837"]
[Annotator "aboro"]
[PlyCount "106"]
[EventDate "2022.11.01"]
[EventType "swiss"]
[EventRounds "5"]
[EventCountry "CAN"]

1. e4 d5 2. e5 c5 3. d4 cxd4 4. Nf3 Bg4 5. Qxd4 Bxf3 6. gxf3 e6 7. Nc3 a6 8.
Qa4+ Nc6 9. Bf4 Bb4 10. Bd2 Nge7 11. f4 O-O 12. O-O-O b5 13. Qb3 Bc5 14. Ne2
Bxf2 15. Qf3 Bb6 16. h4 Nf5 17. h5 h6 18. Qg4 Be3 19. Rh3 Bxd2+ 20. Rxd2 Qb6
21. Qf3 Qa5 22. a3 b4 23. Kb1 bxa3 24. Qc3 axb2 25. Qxa5 Nxa5 26. Nd4 Nxd4 27.
Rxd4 Nc6 28. Ra4 a5 29. Bb5 Ne7 30. Rha3 Nf5 31. Rxa5 Rxa5 32. Rxa5 Ng3 33. Ra3
Nxh5 34. Rf3 g6 35. Be2 Ng7 36. Ra3 Nf5 37. Bg4 Ne3 38. Rxe3 Rc8 39. Kxb2 Rc4
40. Rf3 g5 41. Rb3 Rxf4 42. Be2 g4 43. Bd3 g3 44. Rb8+ Kg7 45. Kc3 h5 46. Be2
h4 47. Rb7 g2 48. Rb1 h3 49. Rg1 Kh6 50. Kd3 h2 51. Rxg2 h1=Q 52. Rg8 Qe4+ 53.
Kc3 Qxe2 {and Black won} 0-1

[Event "Jay Khedkar mem."]
[Site "Winnipeg CAN"]
[Date "2022.11.08"]
[Round "2.5"]
[White "Minano, John"]
[Black "Hansima, Charitha"]
[Result "0-1"]
[WhiteElo "1794"]
[BlackElo "1837"]
[PlyCount "55"]
[EventDate "2022.11.01"]
[EventType "swiss"]
[EventRounds "5"]
[EventCountry "CAN"]

1. e4 d5 2. exd5 Qxd5 3. Nc3 Qa5 4. d4 c6 5. Nf3 Bf5 6. Bd3 Bg6 7. Ne5 e6 8. h4
Bxd3 9. Qxd3 Bb4 10. Bd2 Nf6 11. a3 Bd6 12. Nc4 Qc7 13. Nxd6+ Qxd6 14. O-O-O
Nbd7 15. f3 Nd5 16. Ne4 Qc7 17. g3 O-O-O 18. c4 N5f6 19. Ng5 Ne5 20. Qc3 Ng6
21. h5 Nf8 22. Bf4 Qe7 23. Qa5 a6 24. Qe5 Kd7 25. d5 cxd5 26. Qc7+ Ke8 27.
Qxe7+ Kxe7 28. cxd5 0-1

[Event "Jay Khedkar mem."]
[Site "Winnipeg CAN"]
[Date "2022.11.08"]
[Round "2.6"]
[White "Einarsson, Ken"]
[Black "Stordeur, Jackson"]
[Result "0-1"]
[WhiteElo "1809"]
[BlackElo "1569"]
[PlyCount "48"]
[EventDate "2022.11.01"]
[EventType "swiss"]
[EventRounds "5"]
[EventCountry "CAN"]

1. d4 Nf6 2. c4 e6 3. Nc3 Bb4 4. Bd2 O-O 5. e3 c5 6. dxc5 Na6 7. a3 Bxc3 8.
Bxc3 Nxc5 9. Nf3 b6 10. Qc2 Bb7 11. Be2 Be4 12. Qd2 Nb3 13. Qd1 Nxa1 14. Qxa1
d5 15. cxd5 Nxd5 16. O-O Nxc3 17. bxc3 Qc7 18. Rd1 Rfd8 19. Rd4 Rxd4 20. cxd4
Rc8 21. h3 Qc1+ 22. Qxc1 Rxc1+ 23. Kh2 Bxf3 24. Bxf3 Ra1 0-1

[Event "Jay Khedkar mem."]
[Site "Winnipeg CAN"]
[Date "2022.11.08"]
[Round "2.7"]
[White "Annakkage, Udaya"]
[Black "March, John"]
[Result "1-0"]
[WhiteElo "1793"]
[BlackElo "1310"]
[PlyCount "61"]
[EventDate "2022.11.01"]
[EventType "swiss"]
[EventRounds "5"]
[EventCountry "CAN"]

1. e4 c6 2. d4 d5 3. e5 Bf5 4. Nf3 e6 5. Bd3 Bxd3 6. Qxd3 c5 7. c3 c4 8. Qc2
Ne7 9. O-O g6 10. Bg5 Bg7 11. Qd2 h6 12. Bh4 O-O 13. Na3 Qd7 14. Bf6 Nf5 15. g4
Ne7 16. Nc2 Re8 17. Nce1 Qc7 18. Ng2 Nd7 19. g5 h5 20. Nfh4 Nf5 21. Nxf5 exf5
22. Nf4 Nxf6 23. gxf6 Bf8 24. Qe3 Qb6 25. Qg3 Kh7 26. Kh1 Rad8 27. Rg1 Qxb2 28.
Rab1 Qc2 29. Rxb7 Qe4+ 30. f3 Qe3 31. Qxg6+ 1-0

[Event "Jay Khedkar mem."]
[Site "Winnipeg CAN"]
[Date "2022.11.08"]
[Round "2.8"]
[White "Rutter, Blair"]
[Black "Remillard, John"]
[Result "1-0"]
[WhiteElo "1900"]
[BlackElo "1537"]
[PlyCount "57"]
[EventDate "2022.11.01"]
[EventType "swiss"]
[EventRounds "5"]
[EventCountry "CAN"]

1. c4 g6 2. g3 Bg7 3. Bg2 e5 4. e4 Ne7 5. Nc3 Nbc6 6. Nge2 O-O 7. d3 d6 8. O-O
f5 9. f4 fxe4 10. dxe4 Bg4 11. h3 Bxe2 12. Qxe2 Nd4 13. Qd3 exf4 14. Bxf4 Ne6
15. Be3 Nc6 16. Rxf8+ Kxf8 17. Rf1+ Kg8 18. b3 Bd4 19. h4 Ne5 20. Qd2 Bxe3+ 21.
Qxe3 c6 22. Bh3 Qe7 23. Qf2 Kg7 24. Ne2 Nc5 25. Qd4 Rf8 26. Nf4 Kg8 27. Kg2
Ned7 28. b4 Qxe4+ 29. Qxe4 1-0

[Event "Jay Khedkar mem."]
[Site "Winnipeg CAN"]
[Date "2022.11.08"]
[Round "2.9"]
[White "Zhang, Bryan"]
[Black "Letain, Cory"]
[Result "0-1"]
[WhiteElo "1231"]
[BlackElo "1799"]
[PlyCount "44"]
[EventDate "2022.11.01"]
[EventType "swiss"]
[EventRounds "5"]
[EventCountry "CAN"]

1. e4 c5 2. Nf3 d6 3. d4 cxd4 4. Nxd4 e6 5. Nc3 Be7 6. Bb5+ Bd7 7. Qg4 Nf6 8.
Qxg7 Rg8 9. Qh6 Nc6 10. Bxc6 bxc6 11. O-O Qb6 12. Nf3 O-O-O 13. Bg5 Rg6 14. Qh4
Rdg8 15. Kh1 R8g7 16. e5 dxe5 17. Nxe5 Rxg5 18. Qh6 Ng4 19. Nxg4 Rxg4 20. Rg1
Qxf2 21. h3 Rxg2 22. Qxg7 Rh2# 0-1

[Event "Jay Khedkar mem."]
[Site "Winnipeg CAN"]
[Date "2022.11.08"]
[Round "2.10"]
[White "Skop, Mike"]
[Black "Zhou, Joe (Zixuan)"]
[Result "1-0"]
[WhiteElo "1645"]
[BlackElo "1267"]
[PlyCount "51"]
[EventDate "2022.11.01"]
[EventType "swiss"]
[EventRounds "5"]
[EventCountry "CAN"]

1. c3 d5 2. Na3 c5 3. Nc2 Nc6 4. g3 Nf6 5. Nh3 Bf5 6. f3 e6 7. Nf2 Bd6 8. Bg2
Qc7 9. d3 h6 10. e4 Bg6 11. f4 dxe4 12. dxe4 Be7 13. O-O O-O 14. Ne3 Rad8 15.
Qe2 a6 16. Neg4 Nxg4 17. Qxg4 Kh8 18. f5 exf5 19. exf5 Bh7 20. Qh5 Bf6 21. Ne4
Be7 22. f6 gxf6 23. Qxh6 f5 24. Nf6 Bxf6 25. Qxf6+ Kg8 26. Bh6 1-0

[Event "Jay Khedkar mem."]
[Site "Winnipeg CAN"]
[Date "2022.11.15"]
[Round "3.1"]
[White "Jodar, Marlon"]
[Black "Baron, Gustav"]
[Result "1/2-1/2"]
[WhiteElo "2310"]
[BlackElo "2058"]
[PlyCount "69"]
[EventDate "2022.11.01"]
[EventType "swiss"]
[EventRounds "5"]
[EventCountry "CAN"]

1. e4 c5 2. Nf3 d6 3. Bb5+ Bd7 4. Bxd7+ Nxd7 5. O-O g6 6. d4 cxd4 7. Qxd4 Ngf6
8. c4 Bg7 9. Nc3 O-O 10. Bg5 h6 11. Bd2 Nc5 12. Qe3 Ng4 13. Qe2 Ne5 14. Nxe5
dxe5 15. Be3 Ne6 16. Rad1 Nd4 17. Bxd4 exd4 18. e5 a6 19. Rfe1 e6 20. Qe4 Qb6
21. Qxd4 Qxb2 22. Rb1 Qc2 23. Ne4 Qa4 24. Nc3 Qc6 25. f4 Rfc8 26. Ne4 Bf8 27.
Red1 Qa4 28. Rxb7 Rxc4 29. Qd7 Qxd7 30. Nf6+ Kg7 31. Rdxd7 Bc5+ 32. Kf1 Rxf4+
33. Ke2 Rf8 34. Rdc7 Bd4 35. Nd7 1/2-1/2

[Event "Jay Khedkar mem."]
[Site "Winnipeg CAN"]
[Date "2022.11.15"]
[Round "3.2"]
[White "Stordeur, Jackson"]
[Black "Odugbesan, Michael (Adedapo)"]
[Result "0-1"]
[WhiteElo "1589"]
[BlackElo "2228"]
[PlyCount "70"]
[EventDate "2022.11.01"]
[EventType "swiss"]
[EventRounds "5"]
[EventCountry "CAN"]

1. e4 c5 2. Nf3 d6 3. d4 cxd4 4. Nxd4 Nf6 5. Nc3 a6 6. Be2 e5 7. Nb3 Be7 8. O-O
Nbd7 9. Be3 Qc7 10. a4 b6 11. Qd2 O-O 12. Rfd1 Bb7 13. Bf3 Rac8 14. h3 Rfd8 15.
Rac1 Nc5 16. Nxc5 dxc5 17. Qe2 c4 18. g4 Bb4 19. Nd5 Bxd5 20. exd5 e4 21. Bg2
Nxd5 22. Bxe4 Nxe3 23. Qxe3 Bc5 24. Qf3 Rxd1+ 25. Rxd1 Rd8 26. Rxd8+ Qxd8 27.
Bd5 Qc7 28. Bxc4 a5 29. Qe4 Qg3+ 30. Qg2 Qf4 31. Qa8+ Bf8 32. Qd5 g6 33. b3 Bc5
34. Qd8+ Kg7 35. Kh1 Qf3+ 0-1

[Event "Jay Khedkar mem."]
[Site "Winnipeg CAN"]
[Date "2022.11.15"]
[Round "3.3"]
[White "Hansima, Charitha"]
[Black "Annakkage, Udaya"]
[Result "1-0"]
[WhiteElo "1657"]
[BlackElo "1793"]
[PlyCount "91"]
[EventDate "2022.11.01"]
[EventType "swiss"]
[EventRounds "5"]
[EventCountry "CAN"]

1. d4 Nf6 2. Bf4 d6 3. e3 e6 4. Nf3 Be7 5. Bd3 O-O 6. Nbd2 Nc6 7. a3 a6 8. h3
b5 9. O-O Bb7 10. Re1 Na5 11. e4 Rc8 12. e5 Nd5 13. Bg3 c5 14. exd6 Bxd6 15.
Bxd6 Qxd6 16. dxc5 Qf4 17. Ne4 Nf6 18. Nxf6+ Qxf6 19. b4 Nc6 20. c4 Rfd8 21.
cxb5 axb5 22. Qc2 Nd4 23. Nxd4 Rxd4 24. Bxh7+ Kh8 25. Bd3 Qg5 26. Be4 Rd2 27.
Qc3 Bxe4 28. Rxe4 Rcd8 29. Qf3 Kg8 30. Qf4 Qd5 31. Ree1 Qc6 32. Qf3 Qc7 33.
Rad1 R2d5 34. Rxd5 exd5 35. Qd3 Qc6 36. Qd4 Ra8 37. Re3 Rd8 38. Rg3 Qh6 39. Rc3
Qc6 40. Kf1 Re8 41. Rg3 Qh6 42. Re3 Rd8 43. Ke2 Qg6 44. g4 Qc2+ 45. Kf3 Qc1 46.
Rc3 1-0

[Event "Jay Khedkar mem."]
[Site "Winnipeg CAN"]
[Date "2022.11.15"]
[Round "3.4"]
[White "Letain, Cory"]
[Black "Klokow, John"]
[Result "1-0"]
[WhiteElo "1661"]
[BlackElo "1799"]
[PlyCount "67"]
[EventDate "2022.11.01"]
[EventType "swiss"]
[EventRounds "5"]
[EventCountry "CAN"]

1. e4 e5 2. Nc3 Nf6 3. f4 Nc6 4. Nf3 Bd6 5. fxe5 Nxe5 6. d4 Nxf3+ 7. Qxf3 Bb4
8. h3 d5 9. Bd3 Nxe4 10. O-O Nf6 11. Bg5 Be7 12. Rae1 Be6 13. Nd1 c6 14. Bxf6
Bxf6 15. c3 Qd7 16. Ne3 O-O-O 17. a4 Rde8 18. b4 a6 19. b5 axb5 20. axb5 Kc7
21. b6+ Kxb6 22. Rb1+ Kc7 23. Qg3+ Kd8 24. Nf5 Bxf5 25. Bxf5 Qc7 26. Qd3 h6 27.
Rb2 Qe7 28. Ra1 Kc7 29. Rxb7+ Kxb7 30. Qa6+ Kc7 31. Qa7+ Kd6 32. Qc5+ Kc7 33.
Ra7+ Kd8 34. Qb6+ 1-0

[Event "Jay Khedkar mem."]
[Site "Winnipeg CAN"]
[Date "2022.11.15"]
[Round "3.5"]
[White "Skop, Mike"]
[Black "Minano, John"]
[Result "0-1"]
[WhiteElo "1645"]
[BlackElo "1794"]
[PlyCount "110"]
[EventDate "2022.11.01"]
[EventType "swiss"]
[EventRounds "5"]
[EventCountry "CAN"]

1. c3 Nf6 2. Na3 g6 3. Nc2 Bg7 4. Nh3 d6 5. g3 O-O 6. Bg2 c6 7. d3 e5 8. f3 a5
9. Nf2 Na6 10. O-O Nc5 11. e4 Kh8 12. d4 Ne6 13. dxe5 dxe5 14. Be3 Qc7 15. Qe2
b6 16. Rfd1 Ba6 17. Qe1 Rad8 18. Rxd8 Rxd8 19. Rd1 Rxd1 20. Qxd1 Nd7 21. Bh3
Ndc5 22. Qd2 h5 23. Ne1 Kh7 24. b4 Nb7 25. Bxe6 fxe6 26. Nh3 Bf6 27. Ng2 Nd6
28. Bg5 Nc4 29. Qd1 Kg7 30. Bxf6+ Kxf6 31. Qc1 Kg7 32. Nh4 Qd7 33. Nxg6 Kxg6
34. Qg5+ Kf7 35. Qxh5+ Ke7 36. Qh7+ Kd8 37. Qxd7+ Kxd7 38. bxa5 bxa5 39. Ng5
Ke7 40. h4 Kf6 41. Kh2 Nd2 42. Kh3 Nb1 43. Kg4 Nxc3 44. Kh5 Bc4 45. Kh6 Bxa2
46. h5 Bb1 47. Nh7+ Ke7 48. g4 Bxe4 49. g5 Bxf3 50. g6 Bxh5 51. Kxh5 Ne4 52.
Kh6 Ng3 53. Ng5 Nf5+ 54. Kh7 a4 55. Ne4 a3 0-1

[Event "Jay Khedkar mem."]
[Site "Winnipeg CAN"]
[Date "2022.11.15"]
[Round "3.6"]
[White "MacPherson, Al"]
[Black "Odeyemi, Emmanuel"]
[Result "1/2-1/2"]
[WhiteElo "1749"]
[BlackElo "1298"]
[PlyCount "113"]
[EventDate "2022.11.01"]
[EventType "swiss"]
[EventRounds "5"]
[EventCountry "CAN"]
[WhiteTeam "CA"]

1. b3 e5 2. Bb2 Nc6 3. e3 d5 4. Bb5 Bd6 5. Na3 Qe7 6. Qc1 a6 7. Bxc6+ bxc6 8.
c4 Nf6 9. cxd5 c5 10. Nc4 O-O 11. Nf3 Bg4 12. Nfxe5 Nxd5 13. Nxg4 Qe4 14. f3
Qg6 15. Qb1 f5 16. Nxd6 cxd6 17. Qd3 Nb4 18. Qc4+ Kh8 19. a3 d5 20. Qc3 d4 21.
exd4 fxg4 22. axb4 gxf3 23. gxf3 Qg2 24. O-O-O Rxf3 25. Qxc5 Rff8 26. Qe5 Rae8
27. Qg3 Qc6+ 28. Bc3 Rg8 29. Rde1 Rb8 30. Kb2 a5 31. bxa5 Qa4 32. b4 Rxb4+ 33.
Bxb4 Qxb4+ 34. Qb3 Qxd2+ 35. Kb1 h6 36. Rd1 Qxa5 37. Rhg1 Ra8 38. Kc2 Qc7+ 39.
Kd3 Qxh2 40. Qb7 Ra3+ 41. Kc4 Qa2+ 42. Kc5 Ra5+ 43. Kd6 Qa3+ 44. Ke6 Qa2+ 45.
d5 Ra6+ 46. Ke5 Qe2+ 47. Kd4 Ra4+ 48. Kc5 Ra5+ 49. Kd4 Ra4+ 50. Kc5 Ra5+ 51.
Kd6 Ra6+ 52. Qxa6 Qxa6+ 53. Kc7 Qa5+ 54. Kd6 Qb6+ 55. Ke5 Qc5 56. Ke6 Qc8+ 57.
Ke5 1/2-1/2

[Event "Jay Khedkar mem."]
[Site "Winnipeg CAN"]
[Date "2022.11.15"]
[Round "3.7"]
[White "Aiello, Pietro"]
[Black "Charter, Bennet"]
[Result "0-1"]
[WhiteElo "1613"]
[BlackElo "1727"]
[PlyCount "74"]
[EventDate "2022.11.01"]
[EventType "swiss"]
[EventRounds "5"]
[EventCountry "CAN"]

1. e4 c5 2. d4 cxd4 3. c3 dxc3 4. Nxc3 d6 5. Bc4 e6 6. Nf3 Bd7 7. Qe2 a6 8. a4
Be7 9. O-O Nc6 10. Rd1 Rc8 11. Be3 Nf6 12. Bg5 Qc7 13. Ba2 O-O 14. Rac1 h6 15.
Bxf6 Bxf6 16. Qd3 Ne5 17. Nxe5 Bxe5 18. g3 Qb6 19. Rd2 Bxa4 20. Re1 Bc6 21.
Red1 Rfd8 22. Qf3 Qb4 23. Qg4 Bxc3 24. bxc3 Qxe4 25. Qxe4 Bxe4 26. Rxd6 Rxd6
27. Rxd6 Rxc3 28. Rd8+ Kh7 29. Rd1 b5 30. Re1 Bg6 31. h4 b4 32. Bb1 Bxb1 33.
Rxb1 a5 34. Kf1 a4 35. Rxb4 a3 36. Ra4 Kg6 37. Ke2 Rc2+ 0-1

[Event "Jay Khedkar mem."]
[Site "Winnipeg CAN"]
[Date "2022.11.15"]
[Round "3.8"]
[White "Sharma, Rohit"]
[Black "Einarsson, Ken"]
[Result "1-0"]
[WhiteElo "1611"]
[BlackElo "1809"]
[PlyCount "51"]
[EventDate "2022.11.01"]
[EventType "swiss"]
[EventRounds "5"]
[EventCountry "CAN"]

1. Nf3 d5 2. e3 Nc6 3. c4 Nf6 4. d4 Bg4 5. h3 Bh5 6. Nc3 e6 7. Be2 Be7 8. a3
O-O 9. cxd5 exd5 10. Qb3 Rb8 11. O-O Re8 12. Re1 a6 13. Qd1 h6 14. Nh2 Bxe2 15.
Qxe2 Na5 16. Qc2 Nc6 17. Nf3 Bd6 18. Bd2 b5 19. Nxd5 Nxd5 20. Qxc6 Rb6 21. Qc2
Qd7 22. Rac1 Re6 23. e4 Nf4 24. e5 Rc6 25. Qxc6 Nxh3+ 26. Kf1 1-0

[Event "Jay Khedkar mem."]
[Site "Winnipeg CAN"]
[Date "2022.11.15"]
[Round "3.9"]
[White "Chen, Xingyu"]
[Black "Mandusic, Ante"]
[Result "1-0"]
[WhiteElo "1697"]
[BlackElo "1222"]
[PlyCount "53"]
[EventDate "2022.11.01"]
[EventType "swiss"]
[EventRounds "5"]
[EventCountry "CAN"]

1. e4 c5 2. Nf3 Nc6 3. d4 e6 4. Nc3 d6 5. Bc4 Nf6 6. dxc5 dxc5 7. Qxd8+ Nxd8 8.
e5 Nd7 9. O-O Be7 10. Re1 b6 11. Bf4 Bb7 12. Rad1 Bxf3 13. gxf3 Nc6 14. Bb5 Rc8
15. Rd3 Rc7 16. Red1 Nd4 17. Kg2 O-O 18. Bxd7 Rxd7 19. Nb5 Rfd8 20. c3 Nxb5 21.
Rxd7 Rxd7 22. Rxd7 Bf8 23. Rd8 a5 24. Bg5 g6 25. Be7 Kg7 26. Bxf8+ Kg8 27. Bh6#
1-0

[Event "Jay Khedkar mem."]
[Site "Winnipeg CAN"]
[Date "2022.11.15"]
[Round "3.11"]
[White "Remillard, John"]
[Black "Zhang, Bryan"]
[Result "1-0"]
[WhiteElo "1537"]
[BlackElo "1231"]
[PlyCount "59"]
[EventDate "2022.11.01"]
[EventType "swiss"]
[EventRounds "5"]
[EventCountry "CAN"]

1. Nf3 d5 2. e3 Nc6 3. c4 Bg4 4. cxd5 Qxd5 5. Nc3 Qf5 6. h3 Bxf3 7. gxf3 Nf6 8.
e4 Qc5 9. a3 O-O-O 10. b4 Qh5 11. Be2 g6 12. Qa4 Nd4 13. b5 Nxf3+ 14. Kd1 Qc5
15. Nd5 Qxf2 16. Rf1 Qd4 17. Qc2 Nxd5 18. exd5 Qxa1 19. Rxf3 Rxd5 20. Rc3 Bh6
21. Rxc7+ Kb8 22. Rxb7+ Kxb7 23. Qc6+ Kb8 24. Qxd5 Rc8 25. Bc4 Bg7 26. Qxf7 Bb2
27. Qf4+ Kb7 28. Bd5+ Kb6 29. Qe3+ Ka5 30. Qxa7+ 1-0

[Event "Jay Khedkar mem."]
[Site "Winnipeg CAN"]
[Date "2022.11.22"]
[Round "4.1"]
[White "Odugbesan, Michael (Adedapo)"]
[Black "Hansima, Charitha"]
[Result "1-0"]
[WhiteElo "2228"]
[BlackElo "1657"]
[PlyCount "65"]
[EventDate "2022.11.01"]
[EventType "swiss"]
[EventRounds "5"]
[EventCountry "CAN"]

1. Nf3 Nf6 2. d4 d6 3. Bf4 Bf5 4. e3 Nbd7 5. Bd3 Bxd3 6. Qxd3 g6 7. Nc3 c5 8.
h3 Qb6 9. O-O cxd4 10. exd4 Bg7 11. Rfe1 d5 12. Nb5 O-O 13. Rxe7 a6 14. Nd6
Qxb2 15. Ree1 Qb6 16. Rab1 Qc6 17. Nxb7 Nh5 18. Bh2 Ra7 19. Na5 Qa4 20. Qc3
Ndf6 21. Qc5 Rd7 22. Rb4 Qa3 23. Nd2 Ne4 24. Nxe4 dxe4 25. c3 Rfd8 26. Rb5 Qxc5
27. Rxc5 f5 28. Nc6 Re8 29. Rb1 e3 30. fxe3 Rxe3 31. Rb8+ Bf8 32. Ne5 Re7 33.
Rcc8 1-0